| 000 | 02322nam2a22003131 4500 | ||
|---|---|---|---|
| 001 | RU\NLR\Per\611811 | ||
| 005 | 20090703104825.2 | ||
| 035 | _a(NLR Aleph) 002862511 | ||
| 090 |
_a3116323 _c3116323 |
||
| 100 | _a20090609d2008 |||y0rusy50 ca | ||
| 101 | 0 | _arus | |
| 102 | _aRU | ||
| 105 | _ay ||||||||| | ||
| 200 | 1 |
_aМеждународная научно-практическая конференция, посвященная 50-летию ВНИКТИ "Современные тенденции развития подвижного состава железных дорог" _eсборник докладов и статей _fПод ред. д.т.н., проф. В.С. Коссова |
|
| 210 | _d2008 | ||
| 215 |
_a207 с. _cил., портр. _d29 |
||
| 320 | _aБиблиогр. в конце докл. | ||
| 461 | 0 |
_1001RU\NLR\INFOCOMM9\5000116498 _12001#$aТруды Института$fФедерал. гос. унитар. предприятие "Всерос. н.-и. и конструкт.-технол. ин-т подвиж. состава" (ФГУП ВНИКТИ МПС России)$vВып. 89 _94157655 _aВсероссийский научно-исследовательский и конструкторско-технологический институт подвижного состава (Коломна) _cКоломна _d2002 - 2009 _fФедерал. гос. унитар. предприятие "Всерос. н.-и. и конструкт.-технол. ин-т подвиж. состава" (ФГУП ВНИКТИ МПС России) _nФГУП ВНИКТИ МПС России _tТруды Института _x0452-358X _vВып. 89 |
|
| 606 | 1 |
_aПодвижной состав (ж.-д.) _jСъезды, совещания и т.п. _92082945 _3RU\NLR\AUTH\661258985 |
|
| 686 | 1 | _aО22я431(0) | |
| 702 | 1 |
_aКоссов _bВ. С. _4340 |
|
| 710 | 1 | 2 |
_a"Современные тенденции развития подвижного состава железных дорог", международная научно-практическая конференция _eКоломна _f2008 _9749861 _3RU\NLR\AUTH\8810126246 |
| 801 | 0 |
_aRU _bNLR _gPSBO |
|
| 801 | 1 |
_aRU _bInfoComm _c20040122 |
|
| 852 |
_aNLR _jП10/2380 |
||
| 942 | _cISSUE | ||
| 980 | _aNB | ||
| 980 | _aRUSPER | ||